Los Refugiados Centroamericanos /

Na minha lista:
Detalhes bibliográficos
Autores Corporativos: Universidad para la paz, Universidad Nacional Naciones Unidas
Formato: Texto
Publicado em: Heredia: UNA
Tags: Adicionar Tag
Sem tags, seja o primeiro a adicionar uma tag!

MARC

LEADER 00000 a a2200000 04500
001 25786
003
040
090 |a 174100  
110 |a Universidad para la paz  
245 |a Los Refugiados Centroamericanos /  |c Universidad para la paz  
260 |a Heredia:   |b UNA  
300 |a 259 p   |b il.   |b map.  
710 |a Universidad Nacional   |a Naciones Unidas  
999 |c 11695  |d 11695